000
00264nam a2200109Ia 4500
008
200302s9999 xx 000 0 und d
100
_a
Frank R.Neal
245
_a
Ice Design And Practice Guides
260
_b
Thomas Telford Publishing
260
_c
2002
300
_a
62
999
_c
4716
_d
4716